Organizations Behavior. Structure. Processes

Salvato in:
Dettagli Bibliografici
Autore principale: Gibson, James L.
Altri autori: Ivancevich, John M., Donnelly, James H.
Natura: Libro
Lingua:inglese
Pubblicazione: Plano Business Pub. 1988
Edizione:6. ed.
Soggetti:
Tags: Aggiungi Tag
Nessun Tag, puoi essere il primo ad aggiungerne!!

MARC

LEADER 00000nam a2200000 4500
001 c000332
005 20221219121148.9
020 |a 0-256-05821-0 
041 0 |a eng 
044 |a US 
245 1 0 |a Organizations  |b Behavior. Structure. Processes  |c James L. Gibson, John M. Ivancevich, James H. Donnelly 
250 |a 6. ed. 
264 1 |a Plano  |b Business Pub.  |c 1988 
300 |a 845 s. 
610 2 0 |a organizácie 
610 2 0 |a správanie 
610 2 0 |a motivácia 
610 2 0 |a disciplína pracovná 
610 2 0 |a skupiny pracovné 
610 2 0 |a vzťahy medziľudské 
610 2 0 |a štruktúra organizačná 
610 2 0 |a komunikácia 
610 2 0 |a rozhodovanie 
100 1 |a Gibson, James L. 
700 1 |a Ivancevich, John M. 
700 1 |a Donnelly, James H.